[Event "Offene Hessische Senioren Einzelmeisters"]
[Site "Bad Sooden- Allendorf"]
[Date "2011.05.06"]
[Round "7.27"]
[White "Huhn, Ulrich"]
[Black "Blab, Ludwig"]
[Result "0-1"]
[WhiteElo "2030"]
[BlackElo "2146"]
[PlyCount "70"]
[EventDate "2011.??.??"]

1. d4 e6 2. Nc3 d5 3. Nf3 Nf6 4. Bg5 Be7 5. e3 Nbd7 6. Ne5 a6 7. Bd3 c5 8. Nxd7
Bxd7 9. dxc5 Bxc5 10. O-O Bd6 11. Qf3 Bc6 12. Qh3 Qc7 13. Rfe1 O-O-O 14. Ne2 h6
15. Bh4 Kb8 16. Nd4 Bd7 17. Bxf6 gxf6 18. e4 dxe4 19. Bxe4 Rdg8 20. Qf3 Bxh2+
21. Kh1 Be5 22. Qd3 Rd8 23. c3 Rhg8 24. Re3 f5 25. Bf3 Bf4 26. Ree1 Bc8 27. Qf1
Qe7 28. g3 Qg5 29. Qh3 Bc7 30. Rad1 e5 31. Ne2 Rd2 32. Qh5 Rgd8 33. Qxg5 hxg5
34. Rxd2 Rxd2 35. Rb1 g4 0-1

[Event "Offene Hessische Senioren Einzelmeisters"]
[Site "Bad Sooden- Allendorf"]
[Date "2011.05.06"]
[Round "7.28"]
[White "Arp, Frans"]
[Black "Klein, Klaus"]
[Result "1-0"]
[WhiteElo "2101"]
[BlackElo "2057"]
[PlyCount "73"]
[EventDate "2011.??.??"]

1. e4 c6 2. d4 d5 3. Nc3 dxe4 4. Nxe4 Bf5 5. Ng3 Bg6 6. h4 h6 7. N1e2 e6 8. Nf4
Bh7 9. c3 Nf6 10. Bd3 Bxd3 11. Qxd3 Nbd7 12. Bd2 Bd6 13. O-O-O Qc7 14. Ngh5
Nxh5 15. Nxh5 g6 16. Ng7+ Kf8 17. Nxe6+ fxe6 18. Qxg6 Bf4 19. Rh3 Bxd2+ 20.
Rxd2 Re8 21. Re3 Ke7 22. Rxe6+ Kd8 23. Rxe8+ Rxe8 24. Qxh6 Re1+ 25. Kc2 Qh2 26.
Qg5+ Kc7 27. h5 Rh1 28. d5 Qxh5 29. d6+ Kb6 30. Qd8+ Ka6 31. Qxd7 Qg6+ 32. Kb3
Rh5 33. a4 Qg8+ 34. Ka3 Rh1 35. Qf5 Qc4 36. b3 Qxc3 37. Qd3+ 1-0

[Event "Offene Hessische Senioren Einzelmeisters"]
[Site "Bad Sooden- Allendorf"]
[Date "2011.05.06"]
[Round "7.29"]
[White "Geisler, Reinhard"]
[Black "Gousseinov, Aguif"]
[Result "1-0"]
[WhiteElo "1894"]
[BlackElo "1979"]
[PlyCount "120"]
[EventDate "2011.??.??"]

1. d4 Nf6 2. c4 e6 3. g3 Bb4+ 4. Nd2 d5 5. Bg2 c6 6. Qc2 Nbd7 7. Ngf3 Ne4 8.
O-O Nxd2 9. Bxd2 Bd6 10. e4 dxe4 11. Qxe4 Nf6 12. Qc2 O-O 13. Rad1 Qc7 14. a3
h6 15. Bc3 Re8 16. Rfe1 Bd7 17. b4 Rad8 18. Qb2 Be7 19. Bd2 Bd6 20. Bc3 Be7 21.
Bd2 Bc8 22. h3 Nd7 23. Bf4 Bd6 24. Bxd6 Qxd6 25. c5 Qc7 26. Ne5 Nxe5 27. dxe5
Re7 28. Rd6 Red7 29. Red1 f6 30. f4 fxe5 31. fxe5 Rf8 32. Rxd7 Bxd7 33. Rf1 Rf5
34. Re1 Kf8 35. h4 Bc8 36. Bh3 Rf3 37. Kg2 Rd3 38. Qf2+ Kg8 39. Bg4 Qd8 40. Bh5
Rd2 41. Re2 Qd5+ 42. Kh2 Rxe2 43. Qxe2 Qd7 44. Qd1 b6 45. Qxd7 Bxd7 46. Kg2 Kf8
47. Kf2 Ke7 48. Ke3 Bc8 49. Kd4 Ba6 50. Bg6 Be2 51. a4 Bf3 52. cxb6 axb6 53. a5
c5+ 54. Ke3 Bb7 55. Be4 Bxe4 56. Kxe4 bxa5 57. bxa5 Kd7 58. Kd3 Kc6 59. Kc4 h5
60. a6 Kb6 1-0

[Event "Offene Hessische Senioren Einzelmeisters"]
[Site "Bad Sooden- Allendorf"]
[Date "2011.05.06"]
[Round "7.30"]
[White "Thieme, Hans"]
[Black "Schnaitmann, Herbert"]
[Result "1/2-1/2"]
[WhiteElo "2101"]
[BlackElo "2044"]
[PlyCount "49"]
[EventDate "2011.??.??"]

1. e4 d5 2. exd5 Qxd5 3. Nc3 Qd6 4. d4 Nf6 5. Bg5 c6 6. Qd2 Bf5 7. Bd3 Bxd3 8.
Qxd3 Nd5 9. Nge2 Nd7 10. O-O Qg6 11. Nxd5 cxd5 12. Qd2 Rc8 13. Nc3 e6 14. Qe3
Nb6 15. Bh4 Bd6 16. Nb5 Bb8 $11 17. Qa3 f6 18. Bg3 Nc4 19. Qa4 O-O 20. Bxb8
Rxb8 21. Qb4 Qe8 22. a4 a6 23. b3 axb5 24. bxc4 bxc4 25. Rfe1 1/2-1/2

[Event "Offene Hessische Senioren Einzelmeisters"]
[Site "Bad Sooden- Allendorf"]
[Date "2011.05.06"]
[Round "7.31"]
[White "Geisensetter, Franz"]
[Black "Neumann, Horst"]
[Result "1-0"]
[WhiteElo "2082"]
[BlackElo "1958"]
[PlyCount "93"]
[EventDate "2011.??.??"]

1. e4 c6 2. d4 d5 3. Nd2 dxe4 4. Nxe4 Nd7 5. Bc4 Nb6 6. Bb3 Bf5 7. Ng3 Bg6 8.
N1e2 e6 9. O-O Bd6 10. c4 Bc7 11. Nf4 Ne7 12. Be3 Nf5 13. Nxf5 Bxf5 14. Qf3 g5
15. Nh5 g4 16. Qe2 Bxh2+ 17. Kxh2 Qh4+ 18. Kg1 Qxh5 19. Bf4 Qg6 20. d5 cxd5 21.
cxd5 O-O $11 22. dxe6 Bxe6 23. Bxe6 Qxe6 24. Qxe6 fxe6 25. Bg3 Rac8 26. Rfe1
Rc6 27. Re4 h5 28. Rae1 Rf6 29. Re5 Rc2 30. Rxh5 Rg6 31. Be5 Nc4 32. Rh8+ Kf7
33. Rc8 b5 34. b3 Ne3 35. Rxc2 Nxc2 36. Rc1 Rg5 37. Bb8 Nd4 38. Rc7+ Kg6 39.
Bxa7 Rd5 40. Bxd4 Rxd4 41. Rc5 b4 42. Kh2 Kf6 43. Kg3 e5 44. Rc4 Kf5 45. Rxd4
exd4 46. f3 Ke5 47. Kf2 1-0

[Event "Offene Hessische Senioren Einzelmeisters"]
[Site "Bad Sooden- Allendorf"]
[Date "2011.05.06"]
[Round "7.32"]
[White "Krebs, Dietmar"]
[Black "Bendisch, Dr. Jürgen"]
[Result "1-0"]
[WhiteElo "2118"]
[BlackElo "1963"]
[PlyCount "93"]
[EventDate "2011.??.??"]

1. e4 c5 2. Nf3 e6 3. d4 cxd4 4. Nxd4 a6 5. Bd3 d6 6. O-O Nf6 7. Nc3 Bd7 8. Be3
Nc6 9. Qe2 Be7 10. f4 Qc7 11. f5 Nxd4 12. Bxd4 e5 13. Be3 b5 14. a3 Bc6 15.
Rad1 Rd8 $11 16. Bg5 Qb7 17. Bxf6 Bxf6 18. Kh1 h6 19. b3 O-O 20. a4 bxa4 21.
Bxa6 Qb4 22. Qc4 Qxc4 23. Bxc4 axb3 24. cxb3 Be7 25. Nd5 Bxd5 26. Bxd5 Rb8 27.
g3 Bd8 28. Rc1 Bb6 29. Rc6 Bc5 30. Rc7 Rbd8 31. g4 Rb8 32. h4 Kh8 33. Rxf7 Rxf7
34. Bxf7 Rf8 35. Bc4 g5 36. fxg6 Rxf1+ 37. Bxf1 h5 38. gxh5 Bf2 39. Kg2 Bxh4
40. b4 Kg7 41. b5 Bd8 42. Kf3 Kf6 43. Kg4 Bb6 44. Bc4 Be3 45. Bf7 Kg7 46. Kf5
Kh6 47. Ke6 1-0

[Event "Offene Hessische Senioren Einzelmeisters"]
[Site "Bad Sooden- Allendorf"]
[Date "2011.05.06"]
[Round "7.33"]
[White "Kluger, Hans-Peter"]
[Black "Noble, Alexander"]
[Result "0-1"]
[WhiteElo "1944"]
[BlackElo "2045"]
[PlyCount "40"]
[EventDate "2011.??.??"]

1. e4 d6 2. Nf3 Bg4 3. Bc4 e6 4. h3 Bh5 5. d4 Nf6 6. Bg5 Be7 7. Nbd2 c6 8. c3
d5 9. Bd3 Bg6 10. Qc2 dxe4 11. Nxe4 Nbd7 12. Nxf6+ Nxf6 13. Bxg6 hxg6 14. O-O-O
Qa5 15. Qb3 Bd6 16. Bxf6 gxf6 17. Qxb7 Rb8 18. Qxc6+ Ke7 19. Nd2 Rhc8 20. Nc4
Qg5+ 0-1

[Event "Offene Hessische Senioren Einzelmeisters"]
[Site "Bad Sooden- Allendorf"]
[Date "2011.05.06"]
[Round "7.34"]
[White "Grabitz, Dr. Georg"]
[Black "Burckhardt, Karl"]
[Result "1-0"]
[WhiteElo "2093"]
[BlackElo "1974"]
[PlyCount "109"]
[EventDate "2011.??.??"]

1. Nf3 f5 2. d4 Nf6 3. g3 e6 4. Bg2 d5 5. Bf4 Bd6 6. Be5 O-O 7. O-O Nc6 8. c3
Bxe5 9. Nxe5 Nxe5 10. dxe5 Ng4 11. Qd4 b6 12. f4 Ba6 13. h3 Nh6 14. Qf2 Qd7 15.
a4 c5 16. Nd2 Rad8 17. Rfd1 Qc7 18. Nf3 Nf7 19. b3 h6 20. e3 Rd7 21. Qb2 Rfd8
22. Nh4 Kh7 23. Nxf5 Nxe5 24. Nh4 Nd3 25. Qc2 c4 26. b4 e5 27. Nf3 e4 28. Nd4
Re8 29. h4 g6 30. Bh3 Rde7 31. Qg2 Bc8 32. a5 Rg7 33. axb6 axb6 34. Ra2 g5 35.
hxg5 hxg5 36. Bf5+ Kg8 37. Bxc8 gxf4 38. Be6+ Kf8 39. Rf1 f3 40. Rxf3+ exf3 41.
Qxf3+ Ke7 42. g4 Ne5 43. Qxd5 Nxg4 44. Rg2 Qh2+ 45. Rxh2 Nxe3+ 46. Kf2 Nxd5 47.
Bxd5 Rf8+ 48. Bf3 Rf6 49. Rh5 Kd7 50. Rd5+ Kc7 51. Rf5 Rh6 52. Re5 Kd6 53. Re4
Rh2+ 54. Ke3 Rh3 55. Nf5+ 1-0

[Event "Offene Hessische Senioren Einzelmeisters"]
[Site "Bad Sooden- Allendorf"]
[Date "2011.05.06"]
[Round "7.35"]
[White "Reimann, Günther"]
[Black "Bachmann, Rolf"]
[Result "1/2-1/2"]
[WhiteElo "1959"]
[BlackElo "2039"]
[PlyCount "95"]
[EventDate "2011.??.??"]

1. c4 Nf6 2. Nf3 g6 3. g3 Bg7 4. Bg2 O-O 5. O-O d6 6. d3 e5 7. Nc3 Nc6 8. a3
Nh5 9. Nd5 Ne7 10. Nxe7+ Qxe7 11. e4 Qe8 12. Rb1 f5 13. Ne1 f4 14. g4 Nf6 15.
f3 g5 16. b4 Be6 17. Bb2 Nd7 18. Rc1 c5 19. b5 Bf6 20. a4 Bd8 21. Bc3 Bc7 22.
Ra1 h5 23. h3 Kg7 24. Kf2 Rh8 25. Rh1 Nf8 26. Nc2 Ng6 27. Qf1 Nh4 28. Ke2 Qd7
29. Rg1 Rhf8 30. Be1 hxg4 31. hxg4 Rh8 32. Bxh4 Rxh4 33. Qf2 Rah8 34. Rh1 Kf6
35. Rxh4 Rxh4 36. Rh1 Rxh1 37. Bxh1 Qh7 38. Qg1 Ba5 39. Bg2 Bc3 40. Qh1 Qxh1
41. Bxh1 Ke7 42. Kd1 Kd8 43. Na3 Bb4 44. Nb1 Kc7 45. Kc2 Kb6 46. Kb3 Ka5 47.
Bg2 a6 48. Bf1 1/2-1/2

[Event "Offene Hessische Senioren Einzelmeisters"]
[Site "Bad Sooden- Allendorf"]
[Date "2011.05.06"]
[Round "7.36"]
[White "Willms, Willi"]
[Black "Montsma, Foppe Jan"]
[Result "0-1"]
[WhiteElo "1939"]
[BlackElo "1997"]
[PlyCount "68"]
[EventDate "2011.??.??"]

1. e4 d6 2. d4 Nf6 3. Bd3 e5 4. d5 c6 5. c4 Nbd7 6. Nc3 Nc5 7. Bg5 Be7 8. Bc2
Nxd5 9. Bxe7 Nxe7 10. Qd2 Be6 11. b3 Qc7 12. Nge2 O-O 13. O-O Rad8 14. Qe3 f5
15. f4 Nxe4 16. Nxe4 fxe4 17. fxe5 d5 18. cxd5 cxd5 19. Rac1 Rxf1+ 20. Kxf1
Qxe5 21. Kg1 Nc6 22. a3 Bf5 23. b4 d4 24. Bb3+ Be6 25. Bxe6+ Qxe6 26. Qg3 d3
27. Nf4 Qe5 28. Qe3 Nd4 29. Nxd3 Qh5 30. Nf2 Ne2+ 31. Kh1 Nxc1 32. Qxc1 e3 33.
Nd3 Qe2 34. Qc4+ Kh8 0-1

[Event "Offene Hessische Senioren Einzelmeisters"]
[Site "Bad Sooden- Allendorf"]
[Date "2011.05.06"]
[Round "7.37"]
[White "Mewes, Hans-Dieter"]
[Black "Rost van Tonningen, Otto"]
[Result "1/2-1/2"]
[WhiteElo "1938"]
[BlackElo "2017"]
[PlyCount "48"]
[EventDate "2011.??.??"]

1. c4 g6 2. Nc3 Bg7 3. g3 Nf6 4. Bg2 O-O 5. e4 d6 6. Nge2 Nc6 7. d3 a6 8. O-O
Rb8 9. h3 Bd7 10. Be3 e5 11. Qd2 Qc8 12. Kh2 Re8 13. Rab1 Nd4 14. Ng1 c5 15.
Nce2 b5 16. b3 Bc6 17. Nxd4 cxd4 18. Bh6 Bh8 19. f4 exf4 20. Qxf4 Qe6 21. Qf2
Nd7 22. Ne2 Ne5 23. Rbc1 bxc4 24. dxc4 d3 1/2-1/2

[Event "Offene Hessische Senioren Einzelmeisters"]
[Site "Bad Sooden- Allendorf"]
[Date "2011.05.06"]
[Round "7.38"]
[White "Ninic, Milutin"]
[Black "Oldach, Ehrenfried"]
[Result "0-1"]
[WhiteElo "1890"]
[BlackElo "2033"]
[PlyCount "88"]
[EventDate "2011.??.??"]

1. e4 e5 2. Nf3 Nc6 3. d4 exd4 4. Nxd4 Bc5 5. Be3 Qf6 6. c3 Nge7 7. Nxc6 Bxe3
8. Qf3 Bxf2+ 9. Qxf2 Qxf2+ 10. Kxf2 Nxc6 11. Nd2 d6 12. Be2 Bd7 13. Rhe1 O-O
14. Rad1 Rae8 15. Bd3 Ne5 16. Bc2 Bc6 17. Kg1 Re7 18. Bb3 Rfe8 19. Re3 Ng4 20.
Rg3 Nf6 21. Bd5 Nxd5 22. exd5 Bxd5 23. c4 Bc6 24. b4 a6 25. Nb3 Ba4 26. Rd2
Bxb3 27. Rxb3 Re2 28. Rbd3 Rxd2 29. Rxd2 Kf8 30. Kf2 Re6 31. Kf3 Ke7 32. a4 b6
33. g4 Re1 34. c5 bxc5 35. bxc5 Ra1 36. cxd6+ cxd6 37. Rd4 h6 38. h4 g5 39.
hxg5 hxg5 40. Ke4 Ke6 41. Rb4 a5 42. Rd4 Re1+ 43. Kf3 Ke5 44. Rc4 Rf1+ 0-1

[Event "Offene Hessische Senioren Einzelmeisters"]
[Site "Bad Sooden- Allendorf"]
[Date "2011.05.06"]
[Round "7.39"]
[White "Ahlberg, Günter"]
[Black "Fleischer, Martin"]
[Result "0-1"]
[WhiteElo "2052"]
[BlackElo "1879"]
[PlyCount "138"]
[EventDate "2011.??.??"]

1. e4 e6 2. d4 d5 3. Nc3 dxe4 4. Nxe4 Nd7 5. Nf3 Be7 6. Bc4 Ngf6 7. Nxf6+ Nxf6
8. O-O a6 9. Ne5 Bd7 10. Qe2 b5 11. Bb3 O-O 12. Bg5 c6 13. Rfd1 Nd5 14. Bxe7
Qxe7 15. Qf3 Rac8 16. Nd3 a5 17. c3 Rc7 18. Re1 Qd8 19. Nc5 Bc8 20. Bc2 Qf6 21.
Qh3 g6 22. Rad1 Re7 23. Qg3 Qf4 24. Qd3 Nf6 25. Qe3 Qxe3 26. Rxe3 Nd5 27. Ree1
Kg7 28. g3 Rfe8 29. f4 h5 30. Re2 Rh8 31. h4 Nb6 32. Be4 Nd5 33. Rde1 Rc7 34.
Bf3 Ne7 35. Be4 Nf5 36. Kf2 Nd6 37. Bd3 Rd8 38. Rg1 Nb7 39. Re5 Rd5 40. Nxb7
Rxb7 41. g4 hxg4 42. Rxg4 Kf6 43. Rgg5 Rd8 44. Be4 Rc7 45. Rc5 Bd7 46. h5 gxh5
47. Rxh5 Rg8 48. Rh6+ Ke7 49. f5 Rcc8 50. a3 Rg4 51. Bf3 Rf4 52. fxe6 fxe6 53.
Rh7+ Kd6 54. Re5 Rcf8 55. Rh3 c5 56. Ke3 cxd4+ 57. cxd4 R4f6 58. Be2 Rb8 59. b4
axb4 60. axb4 Ra8 61. Bxb5 Bxb5 62. Kd2 Rf2+ 63. Ke3 Re2+ 64. Kf4 Rf8+ 65. Kg4
Rg2+ 66. Kh4 Be8 67. Rg3 Rh8+ 68. Kg4 Rg8+ 69. Rg5 Rxg5+ 0-1

[Event "Offene Hessische Senioren Einzelmeisters"]
[Site "Bad Sooden- Allendorf"]
[Date "2011.05.06"]
[Round "7.40"]
[White "Rychlik, Kurt"]
[Black "Gunnarson, Leif"]
[Result "1-0"]
[WhiteElo "2106"]
[BlackElo "1745"]
[PlyCount "89"]
[EventDate "2011.??.??"]

1. d4 Nf6 2. Nf3 d5 3. e3 g6 4. c4 e6 5. Nc3 Bg7 6. Qc2 O-O 7. b4 dxc4 8. Bxc4
Nd5 9. a3 c6 10. O-O Nd7 11. Bb2 N7b6 12. Ba2 Bd7 13. Ne4 a5 14. bxa5 Rxa5 15.
Nc5 Bc8 16. Rfd1 Qc7 17. g3 Nd7 18. Nd3 Ne7 19. a4 Rh5 20. Nf4 Rh6 21. Ba3 Re8
22. e4 Nf6 23. Ne5 g5 24. Ng2 Ng6 25. Nxg6 Rxg6 26. Ne3 h5 27. Rac1 Qd7 28. Nc4
Qc7 29. Qe2 g4 30. Bb1 Rh6 31. Bd6 Qd7 32. Bf4 Rh8 33. Qe3 Rd8 34. Bg5 Re8 35.
Nb6 Qc7 36. a5 Nd7 37. Bf4 Qd8 38. Nc4 Nf8 39. e5 Ng6 40. Bg5 Ne7 41. Nd6 Rf8
42. Nxc8 Nd5 43. Bxd8 Nxe3 44. fxe3 Rxd8 45. Nd6 1-0

[Event "Offene Hessische Senioren Einzelmeisters"]
[Site "Bad Sooden- Allendorf"]
[Date "2011.05.06"]
[Round "7.41"]
[White "Kienel, Norbert"]
[Black "Schumacher, Helmut"]
[Result "1/2-1/2"]
[WhiteElo "1875"]
[BlackElo "2085"]
[PlyCount "37"]
[EventDate "2011.??.??"]

1. d4 d5 2. c4 e6 3. Nc3 c6 4. e3 Nf6 5. Nf3 Nbd7 6. Bd3 dxc4 7. Bxc4 b5 8. Bb3
Ba6 9. O-O b4 10. Ne2 Be7 11. Re1 O-O 12. Ng3 c5 13. dxc5 Nxc5 14. Nd4 Bb7 15.
a3 Nxb3 16. Qxb3 Qb6 17. Bd2 bxa3 18. bxa3 Qxb3 19. Nxb3 1/2-1/2

[Event "Offene Hessische Senioren Einzelmeisters"]
[Site "Bad Sooden- Allendorf"]
[Date "2011.05.06"]
[Round "7.42"]
[White "Schlachetka, Werner"]
[Black "Rüggeberg, Wilhelm"]
[Result "1/2-1/2"]
[WhiteElo "2091"]
[BlackElo "1918"]
[PlyCount "54"]
[EventDate "2011.??.??"]

1. e4 c5 2. Nc3 d6 3. g3 Nc6 4. Bg2 Nf6 5. d3 e6 6. h3 Be7 7. f4 g6 8. g4 a6 9.
Be3 Qc7 10. Nce2 Rb8 11. Nf3 b5 12. O-O Bb7 13. c3 Rd8 14. Qe1 Rd7 15. Ng3 O-O
16. g5 Ne8 17. Rd1 Ng7 18. f5 exf5 19. exf5 f6 20. fxg6 hxg6 21. Nh4 Ne5 22.
Bxb7 Qxb7 23. gxf6 Bxf6 24. Ne4 Bxh4 25. Qxh4 Nf5 26. Qg5 Rdf7 27. Bf4 Qe7
1/2-1/2

[Event "Offene Hessische Senioren Einzelmeisters"]
[Site "Bad Sooden- Allendorf"]
[Date "2011.05.06"]
[Round "7.43"]
[White "Alefs, Heinz"]
[Black "Mentel, Dr. Jürgen"]
[Result "0-1"]
[WhiteElo "1839"]
[BlackElo "2129"]
[PlyCount "73"]
[EventDate "2011.??.??"]

1. Nf3 Nf6 2. d4 g6 3. Bf4 Bg7 4. e3 h6 5. Bd3 d6 6. h3 O-O 7. O-O c5 8. c3 Nc6
9. Qc2 Qe8 10. e4 cxd4 11. cxd4 Nb4 12. Qd2 Nxd3 13. Qxd3 Bd7 14. Nc3 b5 15.
Rfe1 a6 16. e5 dxe5 17. Bxe5 Bf5 18. Qd2 $11 b4 19. Nd1 Qc6 20. Rc1 Qb6 21. Bc7
Qb7 22. Rxe7 Nd5 23. Bd6 Nxe7 24. Rc7 Qb6 25. Qxb4 Qxb4 26. Bxb4 Nd5 27. Rb7
Nxb4 28. Rxb4 Rac8 29. Ne3 Be4 30. Nd2 Bd3 31. Rb3 Bb5 32. Rb4 Rfd8 33. d5 Bf8
34. Re4 Bc5 35. Re5 Bd6 36. Re4 Rc1+ 37. Nef1 0-1

[Event "Offene Hessische Senioren Einzelmeisters"]
[Site "Bad Sooden- Allendorf"]
[Date "2011.05.06"]
[Round "7.44"]
[White "Schwertel, Johann"]
[Black "Lüders, Dr. Günther"]
[Result "1-0"]
[WhiteElo "2026"]
[BlackElo "1870"]
[PlyCount "68"]
[EventDate "2011.??.??"]

1. d4 d5 2. Nf3 Nf6 3. Bf4 e6 4. e3 Bd6 5. Bg5 Be7 6. Bd3 Nbd7 7. c3 b6 8. Nbd2
Bb7 9. O-O O-O 10. Rc1 c5 11. Qe2 c4 12. Bb1 h6 13. Bh4 Nh5 14. Bxe7 Qxe7 15.
e4 dxe4 16. Nxe4 b5 17. Rfe1 Nhf6 18. Ng3 Qd6 19. Ne5 a6 20. Qc2 Kh8 21. f3 g6
22. Qd2 Kh7 23. Qf4 Nd5 24. Qd2 f5 25. Nxd7 Qxd7 26. Re5 Rae8 27. Rce1 Bc8 28.
R1e2 Qf7 29. Nf1 Nf6 30. g3 Qb7 31. Rf2 Nd7 32. Re1 Nf6 33. Qf4 Nd5 34. Qe5 Nf6
{weitere 16 Züge nicht zu rekonstruieren} 1-0

[Event "Offene Hessische Senioren Einzelmeisters"]
[Site "Bad Sooden- Allendorf"]
[Date "2011.05.06"]
[Round "7.45"]
[White "Papapostolou, Christo"]
[Black "Fleischer, Matthias"]
[Result "0-1"]
[WhiteElo "2105"]
[BlackElo "1892"]
[PlyCount "74"]
[EventDate "2011.??.??"]

{fehlende Notation} 1. Nf3 Nf6 2. c4 e6 3. g3 d5 4. Bg2 c6 5. b3 Bd6 6. Bb2 O-O
7. O-O Nbd7 8. d4 Re8 9. Nc3 Qa5 10. c5 Bb8 11. a3 e5 12. b4 Qd8 13. dxe5 Nxe5
14. Nxe5 Bxe5 15. e3 Qe7 16. Re1 Bf5 17. f4 Bc7 18. Qd4 Qd7 19. Rad1 Rad8 20.
Bf3 Bg4 21. Bxg4 Qxg4 22. Kg2 Ne4 23. Ne2 h5 24. h3 Qg6 25. Rf1 Rd7 26. Kh2 Bd8
27. Qd3 Nf2 28. Qxg6 fxg6 29. Rde1 Ne4 30. Kg2 Nd2 31. Rd1 Nc4 32. Bd4 Nxe3+
33. Bxe3 Rxe3 34. Kf2 Rde7 35. Nd4 Rxa3 36. Rfe1 Rxe1 37. Rxe1 Bf6 0-1

[Event "Offene Hessische Senioren Einzelmeisters"]
[Site "Bad Sooden- Allendorf"]
[Date "2011.05.06"]
[Round "7.46"]
[White "Kotlar, Alfred"]
[Black "Roth, Reinhard"]
[Result "1-0"]
[WhiteElo "2068"]
[BlackElo "1912"]
[PlyCount "107"]
[EventDate "2011.??.??"]

1. d4 Nf6 2. Nf3 d5 3. Bf4 Bf5 4. Nbd2 e6 5. c3 Bd6 6. Bg5 Be7 7. e3 Nbd7 8. h3
h6 9. Bh4 g5 10. Bg3 Ne4 11. Bh2 g4 12. hxg4 Bxg4 13. Be2 Bf6 14. Nxe4 dxe4 15.
Nd2 Bf5 16. Bg3 Bg5 17. Qb3 Nb6 18. Be5 Rg8 19. Bh5 Qd7 20. Be2 Bg6 21. O-O-O
O-O-O 22. Kb1 f6 23. Bh2 f5 24. Be5 Bf7 25. g3 Qe7 26. Nc4 Be8 27. Nxb6+ axb6
28. Bc4 Rg6 29. Rd2 Bc6 30. Qd1 Bd5 31. Bb3 b5 32. Qe2 Bxb3 33. axb3 Qd7 34.
Kc2 c6 35. Ra1 b6 36. Rdd1 Kb7 37. Ra2 Rgg8 38. c4 Ra8 39. Raa1 Rxa1 40. Rxa1
Ra8 41. Qd1 Rxa1 42. Qxa1 c5 43. Qf1 b4 44. Qd1 Be7 45. f3 exf3 46. Qxf3+ Qc6
47. d5 exd5 48. cxd5 Qd7 49. d6+ Ka7 50. dxe7 b5 51. e8=Q Qxe8 52. Qxf5 Qc6 53.
Qf7+ Ka8 54. Qc7 1-0

[Event "Offene Hessische Senioren Einzelmeisters"]
[Site "Bad Sooden- Allendorf"]
[Date "2011.05.06"]
[Round "7.47"]
[White "Barlo, Werner"]
[Black "Duijker, Bert"]
[Result "0-1"]
[WhiteElo "1901"]
[BlackElo "1867"]
[PlyCount "81"]
[EventDate "2011.??.??"]

1. d4 g6 2. g3 f5 3. Bg2 Nf6 4. c4 d6 5. Nc3 Bg7 6. Nf3 O-O 7. Qb3 c6 8. O-O h6
9. h4 Qe8 10. c5+ Kh7 11. cxd6 exd6 12. Bf4 Ne4 13. Rad1 d5 14. Ne5 Nd7 15.
Nxe4 fxe4 16. Nxd7 Qxd7 17. f3 exf3 18. Rxf3 b6 19. Qd3 Qf5 20. Qe3 Qc2 21. Rd2
Qb1+ 22. Rf1 Qxa2 23. b3 Qa3 24. Be5 Rxf1+ 25. Bxf1 Qe7 26. Qf4 Bxe5 27. dxe5
Be6 28. e4 Rf8 29. Qe3 dxe4 30. Qxe4 Bd5 31. Rxd5 cxd5 32. Qxd5 Qc5+ 33. Qxc5
bxc5 34. Bc4 g5 35. h5 Kg7 36. e6 Kf6 37. g4 Ke7 38. Kg2 Rf4 39. Kg3 Rxc4 40.
bxc4 Kxe6 41. Kf3 0-1

[Event "Offene Hessische Senioren Einzelmeisters"]
[Site "Bad Sooden- Allendorf"]
[Date "2011.05.06"]
[Round "7.48"]
[White "Schütze, Manfred"]
[Black "Lewald, Stephan"]
[Result "0-1"]
[WhiteElo "1913"]
[BlackElo "2046"]
[PlyCount "75"]
[EventDate "2011.??.??"]

1. e4 c5 2. Nf3 g6 3. d4 cxd4 4. Qxd4 Nf6 5. e5 Nc6 6. Qa4 Nd5 7. Bb5 Bg7 8.
O-O Nb6 9. Qe4 a6 10. Bd3 d5 11. exd6 Qxd6 12. Nc3 Bf5 13. Qe3 Bxd3 14. Qxd3
Qxd3 15. cxd3 Nb4 16. Be3 N6d5 17. Nxd5 Nxd5 18. Bd4 O-O 19. Bxg7 Kxg7 20. a3
Rac8 21. Rac1 Nf4 22. Rc4 Rxc4 23. dxc4 Rc8 24. b3 Rd8 25. g3 Ne6 26. Re1 Kf6
27. Kf1 Rd6 28. Ke2 b5 29. Rd1 Rb6 30. cxb5 Rxb5 31. b4 a5 32. Nd4 Re5+ 33. Kd3
axb4 34. axb4 Rd5 35. Kc3 Rd8 36. Rd3 Rc8+ 37. Kb3 Rb8 38. Nxe6 {ZÜ von Weiß}
0-1

[Event "Offene Hessische Senioren Einzelmeisters"]
[Site "Bad Sooden- Allendorf"]
[Date "2011.05.06"]
[Round "7.49"]
[White "Draxler, Gottfried"]
[Black "Kleist, Werner"]
[Result "1-0"]
[WhiteElo "1813"]
[BlackElo "1900"]
[PlyCount "53"]
[EventDate "2011.??.??"]

1. d4 d5 2. c4 c6 3. cxd5 cxd5 4. Nf3 Nf6 5. Nc3 g6 6. e3 Bg7 7. Bd3 O-O 8. O-O
Nc6 9. a3 a6 10. b4 Re8 11. Bb2 e5 12. dxe5 Nxe5 13. Nxe5 Rxe5 14. Ne2 Rh5 15.
Ng3 Rh6 16. f3 Rxh2 17. Kxh2 Ng4+ 18. fxg4 Bxb2 19. Qf3 Qh4+ 20. Kg1 Bxg4 21.
Qxf7+ Kh8 22. Ne2 Bxe2 23. Bxe2 Be5 24. Rf4 Qg3 25. Qe7 Bxf4 26. Qf6+ Kg8 27.
Qxf4 1-0

[Event "Offene Hessische Senioren Einzelmeisters"]
[Site "Bad Sooden- Allendorf"]
[Date "2011.05.06"]
[Round "7.50"]
[White "Thormann, Werner"]
[Black "Kühn, Peter"]
[Result "0-1"]
[WhiteElo "1636"]
[BlackElo "1993"]
[PlyCount "60"]
[EventDate "2011.??.??"]

1. d4 Nf6 2. Nc3 d6 3. e4 Nbd7 4. Bd3 g6 5. f3 e5 6. d5 Bg7 7. Be3 c6 8. dxc6
bxc6 9. Bc4 Nb6 10. Bb3 O-O 11. Qd2 Qc7 12. O-O-O Rd8 13. Nge2 d5 14. exd5
Nbxd5 15. Bg5 Be6 16. Nxd5 Bxd5 17. Qe3 Bxb3 18. Qxb3 Rdb8 19. Qc4 Qb6 20. b3
Nd5 21. Nc3 Nxc3 22. Qxc3 Qa6 23. Kb1 c5 24. Qd3 Qa5 25. Bd2 Qb6 26. h4 Rd8 27.
Qc4 Rd4 28. Qe2 e4 29. Be3 Rxd1+ 30. Rxd1 Qf6 0-1

[Event "Offene Hessische Senioren Einzelmeisters"]
[Site "Bad Sooden- Allendorf"]
[Date "2011.05.06"]
[Round "7.51"]
[White "Johannsen, Ingbert"]
[Black "Tomas, Johann"]
[Result "1-0"]
[WhiteElo "2048"]
[BlackElo "1914"]
[PlyCount "75"]
[EventDate "2011.??.??"]

1. e4 e5 2. Nc3 d6 3. d3 Be6 4. f4 exf4 5. Bxf4 Be7 6. Nf3 c6 7. d4 Bg4 8. Qd2
Nd7 9. O-O-O h6 10. h3 Bh5 11. g4 Bg6 12. h4 Qa5 13. h5 Bh7 14. Bc4 Ngf6 15. g5
hxg5 16. Nxg5 d5 17. Bb3 Bg8 18. Qe2 O-O-O 19. exd5 Nxd5 20. Nxd5 Bxg5 21. Bxg5
f6 22. Ne7+ Kb8 23. Bf4+ Ka8 24. Nxg8 Rhxg8 25. Bxg8 Rxg8 26. Qe6 Rd8 27. Qf7
Qf5 28. Rhe1 Nb6 29. Bc7 Qg5+ 30. Kb1 Rh8 31. Bxb6 axb6 32. d5 cxd5 33. Rxd5
Qg2 34. Red1 Rc8 35. Qg6 Qe2 36. Qd3 Qe6 37. Qa3+ Kb8 38. Qd6+ 1-0

[Event "Offene Hessische Senioren Einzelmeisters"]
[Site "Bad Sooden- Allendorf"]
[Date "2011.05.06"]
[Round "7.52"]
[White "Simon, Götz-Jochen"]
[Black "Nietsch, Horst"]
[Result "0-1"]
[WhiteElo "1862"]
[BlackElo "2010"]
[PlyCount "41"]
[EventDate "2011.??.??"]

1. e4 e6 2. d4 d5 3. exd5 exd5 4. c4 Nf6 5. Bd3 Bb4+ 6. Bd2 Qe7+ 7. Qe2 Qxe2+
8. Nxe2 Bxd2+ 9. Nxd2 O-O 10. O-O dxc4 11. Nxc4 Nc6 12. a3 Be6 13. b4 Rad8 14.
Rad1 g6 15. Nf4 Bxc4 16. Bxc4 Nxd4 17. Rfe1 c6 18. Kf1 Nc2 19. Rxd8 Rxd8 20.
Bb3 Nxe1 21. Kxe1 0-1

[Event "Offene Hessische Senioren Einzelmeisters"]
[Site "Bad Sooden- Allendorf"]
[Date "2011.05.06"]
[Round "7.53"]
[White "Claus, Joachim"]
[Black "Görtz, Hans"]
[Result "1/2-1/2"]
[WhiteElo "1855"]
[BlackElo "1989"]
[PlyCount "94"]
[EventDate "2011.??.??"]

1. d4 Nf6 2. c4 d6 3. g3 g6 4. Bg2 Bg7 5. Nf3 O-O 6. O-O c6 7. Nc3 Nbd7 8. e4
a6 9. Qc2 Rb8 10. b3 c5 11. d5 Nxe4 12. Bb2 Nxc3 13. Bxc3 Nf6 14. Nd2 Bf5 15.
Qb2 b5 16. cxb5 axb5 17. a3 Qd7 18. Rfe1 Rfe8 19. Rad1 Bh3 20. Ne4 Bxg2 21.
Kxg2 Qf5 22. Bxf6 Bxf6 23. Nxf6+ exf6 24. Qb1 Qxb1 25. Rxb1 Re5 26. Red1 Re2
27. Re1 Rbe8 28. Kf1 R2e5 29. Rbd1 Ra8 30. f4 Rxe1+ 31. Rxe1 Rxa3 32. Re8+ Kg7
33. Rd8 Ra6 34. Ke2 f5 35. Kd3 Kf6 36. Rb8 Ra2 37. Rxb5 Rxh2 38. Rb6 Ke7 39.
Rb7+ Ke8 40. Kc4 Ra2 41. Rb8+ Ke7 42. Rb7+ Kf6 43. Rd7 Ra6 44. Kb5 Ra3 45. Kc4
Ra6 46. Kb5 Ra3 47. Kc4 Ra6 1/2-1/2